000 00523nam a2200193 a 4500
001 1770453313759
003 YourLibrary
005 20260207140847.0
008 260207s2003##################000#0#eng##
020 _a9780333557259
082 0 4 _a330.9410855
_bBUR
100 1 _aBurnham, Peter,
_eauthor.
245 1 0 _aRemaking the Postwar World Economy :
260 _bPalgrave Macmillan,
_c2003.
300 _a272 pages
650 0 _aBusiness & Economics.
942 _cENGLISH
040 _aYourLibrary
_beng
_cYourLibrary
999 _c611128
_d611128